Primi 15 paesi interessati da Covid-19 - 22 agosto - Statistics

Statistiche generali
  • Questo quiz è stato fatto 3 volte
  • Il punteggio medio è 14 su 25
Statistiche sulle risposte
nazione % Corretto
Argentina
100%
Brasile
100%
Cile
100%
Cile
100%
India
100%
Israele
100%
Messico
100%
Regno Unito
100%
Russia
100%
Spagna
100%
Stati Uniti
100%
Sudafrica
100%
Colombia
67%
Iran
67%
Bolivia
33%
Panama
33%
Perù
33%
Arabia Saudita
0%
Armenia
0%
Bahrain
0%
Bangladesh
0%
Kuwait
0%
Oman
0%
Qatar
0%
Singapore
0%
Nessun quiz corrispondente trovato
Distribuzione punteggi
Percentuale di utenti per punteggio
Percentile per numero di risposta
I tuoi punteggi nel tempo
Non hai fatto questo quiz